<?xml version="1.0" encoding="UTF-8"?>
<record
    xmlns:xsi="http://www.w3.org/2001/XMLSchema-instance"
    xsi:schemaLocation="http://www.loc.gov/MARC21/slim http://www.loc.gov/standards/marcxml/schema/MARC21slim.xsd"
    xmlns="http://www.loc.gov/MARC21/slim">

  <leader>01293nam a22002777a 4500</leader>
  <controlfield tag="005">20170124103059.0</controlfield>
  <datafield tag="010" ind1=" " ind2=" ">
    <subfield code="a">A-982885</subfield>
  </datafield>
  <datafield tag="020" ind1=" " ind2=" ">
    <subfield code="c">195.00</subfield>
    <subfield code="a">8185394261</subfield>
  </datafield>
  <datafield tag="035" ind1=" " ind2=" ">
    <subfield code="a">A-982885</subfield>
  </datafield>
  <datafield tag="037" ind1=" " ind2=" ">
    <subfield code="b">Cen Lib/Ret</subfield>
  </datafield>
  <datafield tag="040" ind1=" " ind2=" ">
    <subfield code="a">DPL</subfield>
    <subfield code="b">HN</subfield>
  </datafield>
  <datafield tag="082" ind1=" " ind2=" ">
    <subfield code="a">921</subfield>
    <subfield code="b">&#x92F;&#x93E;&#x926;&#x935; </subfield>
  </datafield>
  <datafield tag="100" ind1=" " ind2=" ">
    <subfield code="a">&#x92F;&#x93E;&#x926;&#x935;, &#x905;&#x928;&#x93F;&#x932; </subfield>
    <subfield code="9">79417</subfield>
  </datafield>
  <datafield tag="245" ind1=" " ind2=" ">
    <subfield code="a">&#x915;&#x94D;&#x930;&#x93E;&#x928;&#x94D;&#x924;&#x93F;&#x926;&#x942;&#x924; :</subfield>
    <subfield code="c">&#x905;&#x928;&#x93F;&#x932; &#x92F;&#x93E;&#x926;&#x935; [&#x914;&#x930;] &#x915;&#x932;&#x94D;&#x92A;&#x928;&#x93E; </subfield>
    <subfield code="b">&#x930;&#x93E;&#x935; &#x930;&#x93E;&#x91C;&#x93E; &#x924;&#x941;&#x932;&#x93E;&#x930;&#x93E;&#x92E; /</subfield>
  </datafield>
  <datafield tag="246" ind1=" " ind2=" ">
    <subfield code="a">Krantidut : Rav Raja Tularam /</subfield>
    <subfield code="b">by Anil Yadav [aur] Kalpana </subfield>
  </datafield>
  <datafield tag="260" ind1=" " ind2=" ">
    <subfield code="a">&#x928;&#x908; &#x926;&#x93F;&#x932;&#x94D;&#x932;&#x940; </subfield>
    <subfield code="b">&#x938;&#x930;&#x93F;&#x924;&#x93E; &#x92C;&#x941;&#x915; &#x939;&#x93E;&#x909;&#x938; </subfield>
    <subfield code="c">1999</subfield>
  </datafield>
  <datafield tag="270" ind1=" " ind2=" ">
    <subfield code="b">&#x928;&#x908; &#x926;&#x93F;&#x932;&#x94D;&#x932;&#x940; </subfield>
    <subfield code="a">2087/5, &#x92A;&#x94D;&#x930;&#x947;&#x92E; &#x928;&#x917;&#x930; </subfield>
    <subfield code="e">110008</subfield>
  </datafield>
  <datafield tag="300" ind1=" " ind2=" ">
    <subfield code="a">147&#x92A;&#x943;. :</subfield>
    <subfield code="c">20&#x938;&#x947;&#x92E;&#x940;(&#x938;&#x91C;&#x93F;&#x932;&#x94D;&#x926;)</subfield>
    <subfield code="b">&#x930;&#x902;&#x917;&#x940;&#x928; &#x91A;&#x93F;&#x924;&#x94D;&#x930; </subfield>
  </datafield>
  <datafield tag="500" ind1=" " ind2=" ">
    <subfield code="a">&#x905;&#x928;&#x941;&#x915;&#x94D;&#x930;&#x92E;&#x93E;&#x923;&#x93F;&#x915;&#x93E; &#x914;&#x930; &#x938;&#x902;&#x926;&#x930;&#x94D;&#x92D; &#x936;&#x93E;&#x92E;&#x93F;&#x932; </subfield>
  </datafield>
  <datafield tag="650" ind1=" " ind2=" ">
    <subfield code="a">&#x939;&#x93F;&#x928;&#x94D;&#x926;&#x940; &#x938;&#x93E;&#x939;&#x93F;&#x924;&#x94D;&#x92F; </subfield>
    <subfield code="9">79418</subfield>
  </datafield>
  <datafield tag="650" ind1=" " ind2=" ">
    <subfield code="a">&#x939;&#x93F;&#x928;&#x94D;&#x926;&#x940; -- &#x91C;&#x940;&#x935;&#x928;&#x940; - &#x930;&#x93E;&#x935; &#x930;&#x93E;&#x91C;&#x93E; &#x924;&#x941;&#x932;&#x93E;&#x930;&#x93E;&#x92E;</subfield>
    <subfield code="9">76211</subfield>
  </datafield>
  <datafield tag="650" ind1=" " ind2=" ">
    <subfield code="a">Hindi literature</subfield>
    <subfield code="9">79419</subfield>
  </datafield>
  <datafield tag="650" ind1=" " ind2=" ">
    <subfield code="a">Hindi - Biography - Rao Raja Tularam</subfield>
    <subfield code="9">76213</subfield>
  </datafield>
  <datafield tag="700" ind1=" " ind2=" ">
    <subfield code="a">&#x915;&#x932;&#x94D;&#x92A;&#x928;&#x93E; </subfield>
    <subfield code="9">500</subfield>
  </datafield>
  <datafield tag="942" ind1=" " ind2=" ">
    <subfield code="2">ddc</subfield>
    <subfield code="c">HN</subfield>
    <subfield code="h">921</subfield>
    <subfield code="m">&#x92F;&#x93E;&#x926;&#x935; </subfield>
  </datafield>
  <datafield tag="999" ind1=" " ind2=" ">
    <subfield code="c">117676</subfield>
    <subfield code="d">117676</subfield>
  </datafield>
  <datafield tag="952" ind1=" " ind2=" ">
    <subfield code="0">0</subfield>
    <subfield code="1">0</subfield>
    <subfield code="4">0</subfield>
    <subfield code="7">0</subfield>
    <subfield code="a">L</subfield>
    <subfield code="b">L</subfield>
    <subfield code="d">2015-09-07</subfield>
    <subfield code="e">Cen Lib/Ret</subfield>
    <subfield code="g">195.00</subfield>
    <subfield code="l">0</subfield>
    <subfield code="o">921 &#x92F;&#x93E;&#x926;&#x935;</subfield>
    <subfield code="p">A-982885</subfield>
    <subfield code="r">2015-09-07 00:00:00</subfield>
    <subfield code="t">1</subfield>
    <subfield code="v">195.00</subfield>
    <subfield code="w">2015-09-07</subfield>
    <subfield code="y">HN</subfield>
  </datafield>
</record>
